Internet literacy / (Record no. 7135)
[ view plain ]
| 000 -LEADER | |
|---|---|
| fixed length control field | 01673cam a2200181 a 4500 |
| 020 ## - INTERNATIONAL STANDARD BOOK NUMBER | |
| ISBN | 0070293872 (acidfree paper) |
| 020 ## - INTERNATIONAL STANDARD BOOK NUMBER | |
| ISBN | 9780070293878 |
| 050 00 - CALL NUMBER | |
| Classification number | TK5105.875.I57 |
| Item number | .H65 |
| 100 1# - AUTHOR | |
| Personal name | Hofstetter, Fred T. |
| 245 10 - TITLE | |
| Title | Internet literacy / |
| Statement of responsibility, etc | Fred T. Hofstetter ; with World Wide Web site by Pat Sine. |
| 260 ## - PUBLICATION INFORMATION | |
| Place of publication | Boston : |
| Name of publisher | Irwin/McGraw-Hill, |
| Year of publication | c1998. |
| 300 ## - DESCRIPTION | |
| Number of Pages | xv, 304 p. : |
| Other physical details | ill. (some col.), col. maps ; |
| Dimensions | 28 cm. |
| 500 ## - NOTES | |
| General note | Includes index |
| 505 ## - FORMATTED CONTENTS NOTE | |
| Table of Content | Understanding the Internet --<br/>Definitions --<br/>How the Internet is changing the world --<br/>Getting on the Internet --<br/>Getting connected --<br/>Surfing the Net --<br/>Communicating over the Internet --<br/>Internet etiquette (Netiquette) --<br/>Electronic mail --<br/>Listserv <br/>Usenet newsgroups<br/>Communicating in real time --<br/>Telnet<br/>Finding things on the Internet --<br/>Searching for information --<br/>Commonly found Internet file types --<br/>Downloading from the Internet --<br/>Bibliographic style for citing Internet resources --<br/>Creating web pages --<br/>Web page creation strategies --<br/>Web page design --<br/>How HTML works --<br/>Creating your web page resume --<br/>Putting images on web pages --<br/>Using tables for advanced web page layout --<br/>Making a local web site and a home page --<br/>Publishing files on the world wide web --<br/>Using multimedia on the Internet --<br/>How web browsers do multimedia --<br/>Waveform audio recording --<br/>Planning for the future of the Internet --<br/>Societal issues --<br/>Emerging technology --<br/>How to keep up --<br/>Internet toolkit for Windows and Macintosh --<br/>Situated case projects --<br/>Basic Window and Macintosh tutorials. |
| 650 #0 - SUBJECTS | |
| Topical Term | Internet literacy. |
| 700 1# - OTHER AUTHORS | |
| Personal name | Sine, Pat. |
| 942 ## - ADDED ENTRY ELEMENTS (KOHA) | |
| Koha item type | Books |
| Withdrawn status | Lost status | Collection code | Home library | Current library | Shelving location | Date acquired | Full call number | Accession Number | Koha item type |
|---|---|---|---|---|---|---|---|---|---|
| Reference | Methodist University Library Main | Methodist University Library Main | General Stacks | 17/12/2019 | TK5105.875.I57 .H65 | P-08701 | Books |